00565nam a2200133 i 4500001000300000245021200003260002100215700002100236040000800257041000800265080001900273008004100292856009800333bg 0aAdvances in research on the strength and fracture of materials :bForth International Conference on Fracture, June 1977, University of Waterloo, Canada.nVol. 4,pFracture and society /ced. D. M. R. Taplin. aNew York,c1978.1 aTaplin, D. M. R. cBPK apol a620.1:539.3/.6 s pl f |000 0 pol  uhttp://koha.tu.koszalin.pl/cgi-bin/koha/opac-detail.pl?biblionumber=19250yKatalog online BPK